000 00258nam a2200109Ia 4500
008 190216s9999||||xx |||||||||||||| ||und||
100 _aVasudevan Nair M T
245 0 _aOlavum Theeravum
260 _bPoorna Pubs Kozhikode
650 _aKathakal
942 _cBK
999 _c26629
_d26629